| 000 | 00537cam a2200169 a 4500 | ||
|---|---|---|---|
| 001 | 000002378 | ||
| 005 | 20200929150206.0 | ||
| 008 | 740402s1970 onc 001 0 eng | ||
| 040 |
_aDO-SdBNP _bspa _cBNPHU |
||
| 082 |
_a917.103644 _bC212a |
||
| 245 | 0 | 0 |
_aCanada : _ba guide to the peaceable kingdom / _cedición de William Kilbourn. |
| 260 |
_aToronto, (Canadá) : _bMacmillan of Canada, _c1970. |
||
| 300 |
_axviii, 345 p. ; _c24 cm. |
||
| 651 | 4 |
_aCanada _97558 |
|
| 650 | 4 |
_aViajes _vGUÍAS _95045 |
|
| 700 | 1 |
_aKingdom, William, _eed. _97559 |
|
| 999 |
_c2218 _d2218 |
||